000 00627nam a22001937a 4500
005 20230920164416.0
010 _aUR-12283
020 _a9788196029302
_c200.00
035 _aU-10838
037 _bDBAD/PUB
_a-
082 _a841
100 _aمشتاق احمد
_957176
245 _aزرد موسم کی نظمیں /
_cمشتاق احمد
246 _aZard Mausam ki Nazmien /
_bby Mushtaque Ahmad
260 _aNew Delhi
_bEducational Publishing House
_c2022 ء
270 _aH.o. D1/16, Ansari Road, Daryaganj
_bNew Delhi
_e110002
300 _a96 ص
_c22cm(pbk)
942 _2ddc
_cUR
_h841
_mم ش ت
999 _c198479
_d198479